[Event "22nd Mitropa Cup"]
[Site "Pula CRO"]
[Date "2003.05.23"]
[Round "7"]
[White "Lenic,L"]
[Black "Cornette,M"]
[Result "1/2-1/2"]
[WhiteElo "2399"]
[BlackElo "2325"]

1.Nf3 d5 2.g3 Nf6 3.Bg2 c6 4.O-O Bg4 5.d3 Nbd7 6.h3 Bxf3 7.Bxf3 e5 8.Bg2 Bc5
9.c3 a5 10.d4 exd4 11.cxd4 Bd6 12.Qd3 O-O 13.Nc3 Re8 14.Bf4 Bxf4 15.gxf4 Qe7
16.e3 Ne4 17.Nxe4 dxe4 18.Qa3 Nb6 19.Qxe7 Rxe7 20.Rfc1 a4 21.b4 axb3 22.axb3 Rxa1
23.Rxa1 f5 24.Bf1 Kf7 25.Be2 Ke6 26.Ra5 g6 27.Kf1 Kd6 28.Ke1 Re8 29.Ra7 Kc7
30.Kd2 Ra8 31.Rxa8 Nxa8 32.Bc4 Kd6 33.h4 Nc7 34.Be2  1/2-1/2

[Event "TCh-RUS"]
[Site "Togliatti RUS"]
[Date "2003.05.23"]
[Round "8"]
[White "Pigusov,E"]
[Black "Hasangatin,R"]
[Result "0-1"]
[WhiteElo "2588"]
[BlackElo "2517"]

1.Nf3 d5 2.g3 Nc6 3.d4 Bf5 4.Bg2 Qd7 5.c4 e6 6.O-O dxc4 7.Qa4 O-O-O 8.Nc3 Kb8
9.Qxc4 f6 10.e4 Bg4 11.Be3 Nge7 12.Rfd1 Nc8 13.h3 Bh5 14.Rac1 Bd6 15.Rd2 Nb6
16.Qe2 f5 17.Qf1 Qe8 18.Ng5 Na5 19.Nb5 Nac4 20.Rxc4 Qxb5 21.Rc1 Qd7 22.Rdc2 Rc8
23.d5 exd5 24.exd5 Rhe8 25.Qd3 f4 26.Bxf4 Bxf4 27.gxf4 Bg6 28.Be4 Bxe4 29.Nxe4 Qxd5
30.Qxd5 Nxd5 31.Nc5 Nxf4 32.Nd7+ Ka8 33.Kf1 c6 34.Rc4 Nd5 35.a3 Re7 36.Nc5 Rf8
37.Re1 Rxe1+ 38.Kxe1 b6 39.Nd3 Kb7  0-1

[Event "Kings Cup"]
[Site "Bucharest ROM"]
[Date "2003.05.24"]
[Round "7"]
[White "Mateuta,G"]
[Black "Bets,A"]
[Result "1-0"]
[WhiteElo "2413"]
[BlackElo "2360"]

1.Nf3 d5 2.g3 Nf6 3.Bg2 e6 4.O-O Be7 5.c4 O-O 6.d4 dxc4 7.Qc2 a6 8.a4 Bd7
9.Bg5 Bc6 10.Bxf6 Bxf6 11.Rd1 b5 12.Nc3 g6 13.axb5 axb5 14.Rxa8 Bxa8 15.Nxb5 Bxf3
16.Bxf3 c6 17.Na3 Bxd4 18.Nxc4 Qf6 19.Kg2 Rd8 20.Qb3 Ba7 21.Ra1 Qe7 22.e3 Qc7
23.Qa3 Rd7 24.Qc3 Bc5 25.Ra8 Bf8 26.Qb3 Rd8 27.Qa4 Qb7 28.Qa5 Rc8 29.Nb6 Re8
30.Ra7 Bb4 31.Rxb7 Bxa5 32.Nc4 Be1 33.Kf1 Na6 34.Kxe1 Nc5 35.Rb6 Rd8 36.Bxc6 Kg7
37.Ke2 Nd3 38.Be4 Nc1+ 39.Ke1 h5 40.h4 Rd7 41.Rb7 Rc7 42.Rxc7  1-0

[Event "28th Elekes Mem GM"]
[Site "Budapest HUN"]
[Date "2003.05.24"]
[Round "8"]
[White "Brustkern,J"]
[Black "Danner,G"]
[Result "1-0"]
[WhiteElo "2323"]
[BlackElo "2377"]

1.g3 d5 2.Nf3 c5 3.Bg2 Nc6 4.c4 d4 5.O-O e5 6.d3 Nf6 7.e3 Be7 8.exd4 exd4
9.Bf4 O-O 10.Ne5 Nxe5 11.Bxe5 Qb6 12.Qc2 Bf5 13.Nd2 Nd7 14.Nf3 Rae8 15.Rfe1 Qg6
16.Qa4 a6 17.Bc7 Be6 18.Bf4 Qf5 19.Nd2 g5 20.Be4 Qf6 21.Bc7 Rc8 22.Qa5 b6
23.Bxb6 Nxb6 24.Qxb6 Rb8 25.Qa7 Rxb2 26.Bxh7+ Kxh7 27.Ne4 Qf3 28.Qxe7 Rg8
29.Qf6 Rxf2 30.Qxf3 Rxf3 31.Nxc5 Bh3 32.Ne4 Kg6 33.Rab1 Be6 34.Nf2 g4 35.Re4 Re3
36.Rxd4 Re2 37.Rb6 f5 38.Rdd6 Kf7 39.Rxa6 Rb8 40.Rdb6 Rxb6 41.Rxb6 Rxa2 42.h3 f4
43.hxg4 fxg3 44.Ne4 Bxg4 45.Nxg3 Rd2 46.Rd6 Ke7 47.c5 Bh3 48.Ne4 Rg2+ 49.Kf1 Rc2+
50.Ke1 Bg4 51.Rh6 Re2+ 52.Kf1 Rc2 53.d4 Bf3 54.Rh4 Kd7 55.Rf4 Bh1 56.Ke1 Ke6
57.Kd1 Rh2 58.Nf2 Bb7 59.Kd2 Rg2 60.Kc3 Rg3+ 61.Kb4 Bd5 62.Rh4 Rb3+ 63.Ka4 Rf3
64.Rh6+ Ke7 65.Rd6 Bb7 66.Ng4 Rf1 67.Ne5 Be4 68.Ka5 Rb1 69.Rb6 Ra1+ 70.Kb5 Rb1+
71.Kc4 Rc1+ 72.Kb4 Rb1+ 73.Kc3 Ra1 74.Rh6 Bd5 75.Nc6+ Kf7 76.Nb4 Ra3+ 77.Kd2 Be4
78.Rh4 Bg2 79.d5 Ra5 80.Rh7+ Kg6 81.Rc7 Kf5 82.Kc3 Ra1 83.Rf7+ Ke5 84.Re7+ Kf6
85.Re3 Rc1+ 86.Kd4 Rd1+ 87.Rd3 Rb1 88.Nc6 Rh1 89.Rd2 Rh4+ 90.Kc3 Bh1 91.Rf2+ Kg5
92.Ne7 Re4 93.Rf1 Re3+ 94.Kb4 Rh3 95.c6 Rh4+ 96.Kc5 Rh2 97.c7 Rc2+ 98.Kd6 Bg2
99.Rg1 Kf6 100.Rxg2 Rc1 101.Nc6  1-0

[Event "22nd Mitropa Cup"]
[Site "Pula CRO"]
[Date "2003.05.25"]
[Round "9"]
[White "Csom,I"]
[Black "Arlandi,E"]
[Result "1/2-1/2"]
[WhiteElo "2451"]
[BlackElo "2456"]

1.Nf3 d5 2.g3 c5 3.Bg2 Nc6 4.d4 e6 5.O-O cxd4 6.Nxd4 Qb6 7.Nb3 Nf6 8.Be3 Qa6
9.Nc3 Bb4 10.Qd3 Qxd3 11.cxd3 b6 12.Nb5 Kd7 13.Bg5 a6 14.N5d4 Nxd4 15.Nxd4 Bb7
16.Rfc1 Rhc8 17.Nf3 Bd6 18.Be3 b5 19.Bd4 Ke7 20.Ne5 Ne8 21.f4 f6 22.Nf3 b4
23.Kf2 Nc7 24.Rc2 Nb5 25.Rac1 Rxc2 26.Rxc2 Nxd4 27.Nxd4 Rc8 28.Rxc8 Bxc8
29.Nb3 Bc7 30.e3 Kd6 31.d4 Kc6 32.Bf1 Bb6  1/2-1/2

[Event "CRO-Cup"]
[Site "Rabac CRO"]
[Date "2003.05.26"]
[Round "1"]
[White "Vukic,M"]
[Black "Bilic,I"]
[Result "1-0"]
[WhiteElo "2491"]
[BlackElo "2121"]

1.Nf3 d5 2.g3 Nf6 3.Bg2 e6 4.O-O Be7 5.c4 c6 6.Qc2 O-O 7.d4 b6 8.Rd1 Bb7
9.b3 Nbd7 10.Nc3 Rc8 11.e4 g6 12.Bh6 Re8 13.e5 Nh5 14.Qe2 Ng7 15.g4 a6 16.Rac1 b5
17.c5 a5 18.a3 Ba6 19.Re1 Ra8 20.b4 Bb7 21.Qb2 Qc7 22.Bd2 axb4 23.axb4 Ra7
24.Ra1 Rea8 25.Rxa7 Rxa7 26.Ra1 Qb8 27.g5 Qa8 28.Rxa7 Qxa7 29.h4 Nf5 30.Bh3 Nf8
31.Kg2 Bc8 32.Kh2 Qd7 33.Kg1 Qa7 34.Bf1 Bd7 35.Bd3 Qa8 36.Kh2 Qb8 37.Kh3 Qa7
38.Nd1 Qa6 39.Ne3 Be8 40.Ng4 Nd7 41.Nf6+ Nxf6 42.exf6 Bd8 43.Bf4 Qa7 44.Be5 Bc7
45.Bxc7 Qxc7 46.Ne5 Qa7 47.h5 Qa6 48.Kg4 Qa7 49.Kf4 Qa6 50.Bc2 Qa7 51.Kf3 Qa6
52.Kg2 Nh4+ 53.Kh2 gxh5 54.Bd1 Ng6 55.Bxh5 Nxe5 56.dxe5 Qa8 57.Be2 Bd7 58.Bd3 Kh8
59.Qd4 Qg8 60.Qh4 Be8 61.f4 Bd7 62.Kg3 Be8 63.Qh1 Bd7 64.Kg4 Bc8 65.Qa1 Bd7
66.Kf3 Qe8 67.Ke3 Qc8 68.Kd4 Qe8 69.Qh1 Qg8 70.Qh6 Bc8 71.Kc3 Bd7 72.Kd4 Bc8
73.Bxb5 cxb5 74.c6 Ba6 75.Kc5 Bc8 76.Kxb5 d4 77.Kc4 Ba6+ 78.Kxd4 Bb5 79.Qg7+  1-0

[Event "TCh-NOR"]
[Site "Asker NOR"]
[Date "2003.05.28"]
[Round "1"]
[White "Hagesaether,E"]
[Black "Kristensen,Bj"]
[Result "0-1"]
[WhiteElo "2166"]
[BlackElo "2397"]

1.Nf3 d5 2.g3 Bg4 3.Bg2 Nd7 4.d3 e6 5.O-O a5 6.a4 Ngf6 7.Qe1 Be7 8.Nbd2 O-O
9.h3 Bh5 10.e4 c6 11.Kh1 b5 12.Nh2 dxe4 13.dxe4 e5 14.Ndf3 Ne8 15.Ng4 f6
16.axb5 cxb5 17.Bd2 b4 18.Ne3 Nc7 19.Nh4 Re8 20.Nhf5 Bf8 21.c3 Nc5 22.f3 Bf7
23.cxb4 axb4 24.Rxa8 Qxa8 25.Nc2 Nd3 26.Qe3 Rd8 27.Qb6 Qb8 28.Qxb8 Rxb8 29.Bc1 Nxc1
30.Rxc1 g6 31.Nh4 Ne6 32.Ra1 Bh6 33.Bf1 b3 34.Na3 Ra8 35.Rd1 Nd4 36.Rb1 Rc8
37.Ng2 Nxf3 38.Be2 Nd2 39.Rd1 Nxe4 40.Rd7 Nxg3+  0-1

[Event "Kings Cup"]
[Site "Bucharest ROM"]
[Date "2003.05.28"]
[Round "11"]
[White "Badea,B"]
[Black "Svetushkin,D"]
[Result "1/2-1/2"]
[WhiteElo "2501"]
[BlackElo "2543"]

1.Nf3 d5 2.g3 c6 3.Bg2 Nf6 4.O-O Bg4 5.c4 e6 6.cxd5 Bxf3 7.Bxf3 cxd5 8.d3 Nc6
9.Nc3 Be7 10.a3 O-O 11.Bd2 Rc8 12.Bg2 a6 13.Rc1 b5  1/2-1/2

[Event "CRO-Cup"]
[Site "Rabac CRO"]
[Date "2003.05.28"]
[Round "3"]
[White "Vukic,M"]
[Black "Rukavina,D"]
[Result "1-0"]
[WhiteElo "2491"]
[BlackElo "2259"]

1.Nf3 d5 2.g3 Bf5 3.Bg2 e6 4.c4 c6 5.b3 Nf6 6.Bb2 Be7 7.O-O O-O 8.d3 Nbd7
9.Nbd2 h6 10.a3 a5 11.Qc2 Bh7 12.Bc3 Qb6 13.Qb2 Rfe8 14.b4 axb4 15.axb4 Bf8
16.c5 Qc7 17.Rxa8 Rxa8 18.Ra1 Rxa1+ 19.Qxa1 b6 20.d4 Ne4 21.Nxe4 Bxe4 22.Qa8 Bxf3
23.Bxf3 b5 24.Bd2 g5 25.e4 Kg7 26.exd5 exd5 27.Bg4 Be7 28.Bf5 Nf8 29.Be3 Ne6
30.Qe8 Nf8 31.Kg2 Bf6 32.Kf3 Ng6 33.Bxg6 fxg6 34.Ke2 g4 35.Kf1 h5 36.Qe6 g5
37.Qe8 Qe7 38.Qxc6 Qe4 39.Qxb5 Bxd4 40.Bxd4+ Qxd4 41.Qe2 Kf6 42.c6 Qxb4 43.Qc2 Qb8
44.c7 Qc8 45.Qc6+ Ke5 46.Ke2 Kd4 47.Kd2 Ke4 48.Qg6+ Ke5 49.Qxg5+  1-0

[Event "TCh-NOR"]
[Site "Asker NOR"]
[Date "2003.05.30"]
[Round "3"]
[White "Bern,I"]
[Black "Elseth,R"]
[Result "1/2-1/2"]
[WhiteElo "2339"]
[BlackElo "2349"]

1.Nf3 d5 2.g3 Nf6 3.Bg2 e6 4.O-O Be7 5.d3 c5 6.Nbd2 Nc6 7.e4 Qc7 8.Re1 b5
9.a3 Bb7 10.exd5 Nxd5 11.c4 bxc4 12.Nxc4 O-O 13.Bd2 Rad8 14.Rc1 Rfe8 15.Qe2 Bf8
16.h4 Qb8 17.Na5 Nxa5 18.Bxa5 Rc8 19.Ne5 Nf6 20.Bxb7 Qxb7 21.Rc2  1/2-1/2

[Event "4th IECC"]
[Site "Istanbul TUR"]
[Date "2003.05.30"]
[Round "1"]
[White "Zueger,B"]
[Black "Gagunashvili,M"]
[Result "0-1"]
[WhiteElo "2448"]
[BlackElo "2580"]

1.g3 d5 2.Nf3 c6 3.Bg2 Nf6 4.c4 dxc4 5.O-O Nbd7 6.Na3 Nb6 7.Qc2 Qd5 8.Ne1 Qd4
9.e3 Qg4 10.e4 e5 11.Nxc4 Nxc4 12.Qxc4 Bd6 13.b3 h5 14.h4 Be6 15.Qc2 Nd7
16.Nf3 f6 17.d4 O-O 18.Bb2 Bf7 19.Rad1 Qe6 20.Qd2 Bc7 21.dxe5 Nxe5 22.Bxe5 Bxe5
23.Nxe5 Qxe5 24.Qb4 Qc7 25.Rd2 a5 26.Qc5 Rfd8 27.Rfd1 Rxd2 28.Rxd2 a4 29.Qa3 b5
30.Kh2 Qb6 31.b4 Rd8 32.Qe3 Qc7 33.a3 Rxd2 34.Qxd2 c5 35.bxc5 Qxc5 36.Qd8+ Qf8
37.Qd3 b4 38.axb4 Qxb4 39.e5 fxe5 40.Bd5 Qd4 41.Bxf7+ Kxf7 42.Qf5+ Ke7 43.Qg5+ Ke6
44.Qg6+ Kd5 45.Qf7+ Kc5 46.Qa2 e4 47.Qa3+ Kb5 48.Kg2 Qd2 49.Qe7 e3 50.Qb7+ Kc5
51.Qa7+ Kb4 52.Qb6+ Kc3 53.Qc6+ Kb3 54.Qb5+ Ka3 55.Qc5+ Kb2 56.Qb5+ Kc1 57.Qf1+ Qd1
58.Qc4+ Qc2 59.Qf1+ Kd2 60.fxe3 Kxe3+ 61.Kh3 g6 62.Qf4+ Ke2 63.Qe5+ Kf1 64.Qf4+ Kg1
65.Qd4+ Qf2 66.Qe3 a3  0-1

[Event "4th IECC"]
[Site "Istanbul TUR"]
[Date "2003.05.31"]
[Round "2"]
[White "Anastasian,A"]
[Black "Volkov,S"]
[Result "1/2-1/2"]
[WhiteElo "2561"]
[BlackElo "2634"]

1.Nf3 d5 2.g3 Bg4 3.Bg2 c6 4.c4 e6 5.cxd5 exd5 6.h3 Bxf3 7.Bxf3 Nd7 8.d3 Bb4+
9.Nd2 Ngf6 10.O-O O-O 11.a3 Bd6 12.Bg2 Re8 13.e4 Nc5 14.Qc2 Qb6 15.b4 Ne6
16.Kh2 Nd4 17.Qd1 Qa6  1/2-1/2

[Event "4th IECC"]
[Site "Istanbul TUR"]
[Date "2003.05.31"]
[Round "2"]
[White "Markowski,T"]
[Black "Dzhakaev,D"]
[Result "1-0"]
[WhiteElo "2587"]
[BlackElo "2465"]

1.g3 d5 2.Nf3 Nf6 3.Bg2 c6 4.O-O Bf5 5.d3 h6 6.c4 e6 7.cxd5 exd5 8.Qb3 Qb6
9.Qc2 Be7 10.Nc3 O-O 11.e4 dxe4 12.dxe4 Bh7 13.Be3 Qa5 14.Nd4 Nbd7 15.Nb3 Qh5
16.Qd1 Qxd1 17.Rfxd1 a5 18.Na4 b5 19.Nac5 Nb6 20.a4 Nc4 21.Bd4 Rab8 22.axb5 cxb5
23.Nxa5 Nxa5 24.Rxa5 Rfd8 25.Na6 Rb7 26.Bh3 Bxe4 27.Raa1 Bf3 28.Rd3 Bg4 29.Bg2 Rbd7
30.Re3 Rxd4 31.Rxe7 Be6 32.Bf3 Rd2 33.Nc5 Bg4 34.Bxg4 Nxg4 35.Ne4 Rxb2 36.Raa7 Rf8
37.h3 Nf6 38.Nd6 Rd8 39.Nxf7 Rd1+ 40.Kg2 Rdd2 41.Nxh6+ Kh8 42.Nf7+ Kh7 43.g4 Rxf2+
44.Kg3 Ra2 45.Rab7 Rg2+ 46.Kh4 Nd5 47.Ng5+ Kg6 48.Rxg7+ Kf6 49.Rgf7+ Ke5
50.Rxb5  1-0

[Event "4th IECC"]
[Site "Istanbul TUR"]
[Date "2003.05.31"]
[Round "2"]
[White "Fridman,D"]
[Black "Sulypa,A"]
[Result "1-0"]
[WhiteElo "2621"]
[BlackElo "2492"]

1.Nf3 d5 2.g3 Nf6 3.Bg2 Bg4 4.O-O c6 5.d4 Nbd7 6.Nbd2 e6 7.Re1 Be7 8.e4 dxe4
9.Nxe4 O-O 10.c3 Qb6 11.Qb3 Nxe4 12.Rxe4 Bf5 13.Re1 a5 14.Qa4 Rfd8 15.Nd2 h6
16.Qc4 a4 17.Qe2 Qa6 18.Qxa6 Rxa6 19.Bf1 b5 20.Ne4 Nb6 21.Bf4 Nd5 22.Bd2 Ra7
23.Rac1 Rad7 24.f3 a3 25.b4 e5 26.dxe5 Nxb4 27.Nd6 Bxd6 28.exd6 Rxd6 29.Bf4 Nd3
30.Bxd3 Rxd3 31.Kf2 Be6 32.Rc2 c5 33.Rb1 Bc4 34.Be3 R8d5 35.Re1 Rh5 36.h4 Rf5
37.f4 Bd5 38.g4 Rf6 39.f5 h5 40.Bg5 hxg4 41.Bxf6 gxf6 42.Re3 Rxe3 43.Kxe3 g3
44.Rd2 g2 45.Kf2 Be4 46.Rd8+ Kg7 47.Rc8 Bxf5 48.Rxc5 Bd3 49.Kxg2 Bc4 50.Kg3 Bxa2
51.Rxb5 Be6 52.Ra5 a2 53.Kf4 Kg6 54.Ke3 f5 55.Kd4 Kh5 56.c4 Kxh4 57.Rxa2 f4
58.Ra3 Kg4 59.c5 f3 60.Ke3 Kg3 61.Ra4 Bd5 62.Rf4 Kg2 63.Rf5 Bc6 64.Rxf7 Kg3
65.Rf6 Bd5 66.c6 Kg2 67.c7 Bb7 68.Rxf3  1-0

[Event "4th IECC"]
[Site "Istanbul TUR"]
[Date "2003.05.31"]
[Round "2"]
[White "Anastasian,A"]
[Black "Volkov,S"]
[Result "1/2-1/2"]
[WhiteElo "2561"]
[BlackElo "2634"]

1.Nf3 d5 2.g3 Bg4 3.Bg2 c6 4.c4 e6 5.cxd5 exd5 6.h3 Bxf3 7.Bxf3 Nd7 8.d3 Bb4+
9.Nd2 Ngf6 10.O-O O-O 11.a3 Bd6 12.Bg2 Re8 13.e4 Nc5 14.Qc2 Qb6 15.b4 Ne6
16.Kh2 Nd4 17.Qd1 Qa6 18.f4 Bxb4 19.Bb2 Bc5 20.Nb3 Nxb3 21.Qxb3 dxe4 22.Bxf6 gxf6
23.dxe4 Rad8 24.Qf3 Rd2 25.Rad1 Red8 26.h4 Qxa3 27.Qg4+ Kh8 28.e5 Rxd1 29.Rxd1 Rg8
30.Qf3 Qxf3 31.Bxf3 fxe5 32.Rd7 exf4 33.Rxb7 fxg3+ 34.Kg2 f5 35.Rc7 h6 36.Rxc6 Be3
37.Rf6 Bf2 38.Rxf5 Rd8 39.Kh3 Rd2 40.Bg2 Rd1 41.Rf8+ Kg7 42.Rf5 Ra1 43.Bd5 a5
44.Rf7+ Kh8 45.Rf8+  1/2-1/2

[Event "IEWCC"]
[Site "Istanbul TUR"]
[Date "2003.06.02"]
[Round "1"]
[White "Foisor,C"]
[Black "Makropoulou,M"]
[Result "1/2-1/2"]
[WhiteElo "2395"]
[BlackElo "2234"]

1.Nf3 d5 2.g3 c6 3.Bg2 Bg4 4.d3 Nd7 5.Nbd2 e6 6.O-O Bd6 7.Qe1 Ne7 8.e4 O-O
9.h3 Bh5 10.Nh2 Qb6 11.Kh1 e5 12.Nb3 a5 13.a4 Bb4 14.Bd2 Bxd2 15.Qxd2 f6
16.Qe3 Qb4 17.Qe1 dxe4 18.dxe4 Rfd8 19.Nf3 c5 20.Qxb4 axb4 21.Rfd1 Nc6 22.Nbd2 Nd4
23.c3 bxc3 24.bxc3 Nxf3 25.Bxf3 Bxf3+ 26.Nxf3 Nb6 27.Rxd8+ Rxd8 28.a5 Nc4
29.Rb1 Rd3 30.Rxb7 Nxa5 31.Rb8+ Kf7 32.Nh4 Rxc3 33.Nf5 g6 34.Ne3 Rb3 35.Rc8 c4
36.Nxc4 Nxc4 37.Rxc4 g5 38.Kg2 h5 39.Rc7+ Kg6 40.Rc8 Kg7 41.Rc7+  1/2-1/2

[Event "4th IECC"]
[Site "Istanbul TUR"]
[Date "2003.06.02"]
[Round "4"]
[White "Markowski,T"]
[Black "Sanduleac,V"]
[Result "1/2-1/2"]
[WhiteElo "2587"]
[BlackElo "2492"]

1.g3 d5 2.Nf3 c6 3.Bg2 Nf6 4.O-O Bg4 5.d3 e6 6.c4 dxc4 7.dxc4 Qxd1 8.Rxd1 Nbd7
9.b3 Be7 10.Nc3 O-O 11.h3 Bxf3 12.Bxf3 Rfd8 13.Bg2 Kf8 14.Kf1 Ke8 15.Bb2 h6
16.e3 Nc5 17.Ke2 a5 18.Rxd8+ Bxd8 19.Rb1 Be7 20.Na4 Ncd7 21.f4 Rc8 22.Bd4 b5
23.Nb6 Nxb6 24.Bxb6 Bb4 25.Bd4 bxc4 26.bxc4 Ke7 27.Rb3 c5 28.Bb2 Nd7 29.Bc1 a4
30.Rb1 a3 31.Rb3 Nb6 32.Bxa3 Bxa3 33.Rxb6 Rd8 34.Bc6 f5 35.Rb7+ Kf6 36.e4 fxe4
37.Bxe4 Bb4 38.Ke3 Bd2+ 39.Kf3 Rd4 40.Rb2 Bb4 41.Rc2 Rd1 42.h4 h5 43.Kf2 Rd2+
44.Rxd2 Bxd2 45.a4 Ba5 46.Kf3 Be1 47.Bc6 Ke7 48.Ba8 Kd7 49.Bb7 Ke7 50.Be4 Kf6
51.Bd3 Kf7 52.Be2 Kf6 53.Ke4 g6 54.Bd3 Ba5 55.Kf3 Bc7 56.Be4 Ba5 57.Bc6 Ke7
58.g4 hxg4+ 59.Kxg4 Kf6 60.Be8 Bc7 61.Kf3 Ba5 62.Ke4 Bc3 63.Bc6 Ba5 64.Ke3 Be1
65.Be8 Ba5 66.Ke4 Bc3 67.h5 gxh5 68.Bxh5 Ke7 69.f5 Kd6  1/2-1/2

[Event "4th IECC"]
[Site "Istanbul TUR"]
[Date "2003.06.02"]
[Round "4"]
[White "Van Wely,L"]
[Black "Arlandi,E"]
[Result "1-0"]
[WhiteElo "2675"]
[BlackElo "2456"]

1.Nf3 d5 2.g3 g6 3.Bg2 Bg7 4.O-O e5 5.d3 Ne7 6.e4 O-O 7.Nbd2 d4 8.h4 Bg4
9.Qe1 c5 10.Nh2 Be6 11.f4 Nbc6 12.h5 Rc8 13.a3 f6 14.hxg6 hxg6 15.Qe2 Qd7
16.Ndf3 b5 17.Bd2 c4 18.Rf2 exf4 19.gxf4 f5 20.e5 Bh6 21.Nh4 Kg7 22.Qf3 c3
23.bxc3 dxc3 24.Be3 Nd5 25.Qg3 Nce7 26.Bxd5 Bxd5 27.e6 Qxe6 28.Re1 Kf7 29.N2f3 Nc6
30.Bd4 Qd6 31.Be5 Qe6 32.Bxc3 Qd6 33.Be5 Qe6 34.Bg7 Qxe1+ 35.Nxe1 Bxg7 36.Qxg6+ Kg8
37.Nxf5 Rc7 38.Nf3 Rf6 39.Qe8+ Rf8 40.Qh5 Bxf3 41.Rxf3 Nd4 42.Nxd4 Bxd4+
43.Kf1 Rc5 44.Rg3+  1-0

[Event "4th IECC"]
[Site "Istanbul TUR"]
[Date "2003.06.02"]
[Round "4"]
[White "Dizdarevic,E"]
[Black "Pavasovic,D"]
[Result "0-1"]
[WhiteElo "2491"]
[BlackElo "2584"]

1.Nf3 d5 2.g3 Bg4 3.Bg2 Nd7 4.c4 e6 5.Qb3 Nc5 6.Qc2 c6 7.d3 Nf6 8.Nbd2 Be7
9.b3 O-O 10.Bb2 a5 11.a3 Qb8 12.O-O b5 13.h3 Bh5 14.g4 Bg6 15.Ne5 Rc8 16.Rab1 Ncd7
17.Nxg6 hxg6 18.e3 Bd6 19.d4 a4 20.c5 axb3 21.Nxb3 Bh2+ 22.Kh1 g5 23.Nc1 Ra4
24.Nd3 Bc7 25.Ra1 Nf8 26.Bc3 Qa7 27.Bb4 Ng6 28.Rfb1 Bb8 29.f3 Qc7 30.Kg1 Qh2+
31.Kf1 e5 32.Ra2 exd4 33.exd4 Bg3 34.Bc3 Re8 35.Rb4 Ra7 36.a4 bxa4 37.Rbxa4 Rae7
38.Ra8 Bf4 39.Rxe8+ Rxe8 40.Nxf4 Nxf4 41.Qf2 Nxh3 42.Bxh3 Qh1+  0-1

[Event "17th Open"]
[Site "Pula CRO"]
[Date "2003.06.02"]
[Round "3"]
[White "Orel,O"]
[Black "Sedlak,N"]
[Result "1/2-1/2"]
[WhiteElo "2332"]
[BlackElo "2524"]

1.Nf3 d5 2.g3 c6 3.Bg2 Bg4 4.d3 Nd7 5.O-O e6 6.e4 Bd6 7.Nbd2 Ne7 8.b3 O-O
9.Bb2 a5 10.a3 b5 11.c4 bxc4 12.dxc4 Be5 13.Qc2 Bxb2 14.Qxb2 Rb8 15.Rfe1 Bxf3
16.Bxf3 Nc5 17.Qc2 dxc4 18.Qxc4 Qxd2 19.Qxc5 Rxb3 20.Rad1 Qb2 21.Bg2 Qxa3
22.Qa7 Ng6 23.Ra1 Qb4 24.Qxa5 Qd4 25.Red1 Qf6 26.Rac1 Ne5 27.f4 Ng4 28.e5 Qe7
29.Bxc6 g5 30.Rd7 Qa3 31.Qxa3 Rxa3 32.Bb7 h6 33.Re1 Ne3 34.Kf2 Ng4+ 35.Kg1 h5
36.f5 exf5 37.Bd5 Ne3 38.e6 Nxd5 39.Rxd5 fxe6 40.Rxe6 Ra7 41.Rg6+ Rg7 42.Rxg7+ Kxg7
43.h4 Kg6 44.hxg5 Kxg5 45.Kg2 Ra8 46.Rd7 Ra2+ 47.Kh3  1/2-1/2

[Event "Golden Cleopatra"]
[Site "Cairo EGY"]
[Date "2003.06.03"]
[Round "3"]
[White "Belezky,S"]
[Black "Atea,S"]
[Result "1/2-1/2"]
[WhiteElo "2403"]
[BlackElo "2289"]

1.Nf3 d5 2.g3 c6 3.Bg2 Nf6 4.d3 e6 5.O-O Bd6 6.Nbd2 O-O 7.e4 Nbd7 8.Qe2 Qc7
9.b3 e5 10.Bb2 Re8 11.Nh4 Nc5 12.Rfe1 Bg4 13.Bf3 Bh3 14.Bg2 Bg4 15.Bf3 Bh3
16.Nf5 Bf8 17.Bg2 Bg4 18.f3 Bxf5 19.exf5 Bd6 20.Kh1 a5 21.a3 Ncd7  1/2-1/2

[Event "Golden Cleopatra"]
[Site "Cairo EGY"]
[Date "2003.06.03"]
[Round "3"]
[White "Jasim,A"]
[Black "Vysochin,S"]
[Result "0-1"]
[WhiteElo "2300"]
[BlackElo "2551"]

1.Nf3 d5 2.g3 Nf6 3.Bg2 c6 4.O-O Bf5 5.c4 e6 6.d3 h6 7.Nc3 Be7 8.cxd5 exd5
9.Qb3 Qb6 10.Qxb6 axb6 11.Nd4 Bh7 12.e4 dxe4 13.dxe4 Nbd7 14.f4 Bc5 15.Rd1 O-O-O
16.e5 Nxe5 17.fxe5 Rxd4 18.Be3 Rxd1+ 19.Nxd1 Nd7 20.Bh3 Re8 21.Bxc5 bxc5
22.Ne3 Kc7 23.Bxd7 Kxd7 24.Rd1+ Kc7 25.Rf1 Bg6 26.Nf5 Rxe5 27.Nxg7 b5 28.h4 c4
29.g4 Re4 30.h5 Rxg4+  0-1

[Event "Golden Cleopatra"]
[Site "Cairo EGY"]
[Date "2003.06.05"]
[Round "5"]
[White "Jasim,A"]
[Black "Malakhatko,V"]
[Result "0-1"]
[WhiteElo "2300"]
[BlackElo "2503"]

1.Nf3 d5 2.g3 c6 3.Bg2 Bg4 4.c4 e6 5.O-O Nd7 6.cxd5 exd5 7.d3 Ngf6 8.Nc3 Be7
9.h3 Bh5 10.e4 dxe4 11.dxe4 Nc5 12.Qe2 Qd3 13.Qxd3 Nxd3 14.Be3 Nd7 15.Rab1 f6
16.Nd4 N7e5 17.Nf5 Bf8 18.g4 Bf7 19.Rfd1 g6 20.Nd4 O-O-O 21.Bf1 Bc5 22.Bxd3 Bxd4
23.Bxd4 Rxd4 24.Be2 Rd7 25.Rbc1 g5 26.Rxd7 Nxd7 27.e5 Kc7 28.Bd3 Nxe5  0-1

[Event "Golden Cleopatra"]
[Site "Cairo EGY"]
[Date "2003.06.05"]
[Round "5"]
[White "Kengis,E"]
[Black "Vysochin,S"]
[Result "1-0"]
[WhiteElo "2581"]
[BlackElo "2551"]

1.Nf3 d5 2.g3 Nf6 3.Bg2 c6 4.O-O Bf5 5.d3 h6 6.c4 dxc4 7.Ne5 Be6 8.Nxc4 Bxc4
9.dxc4 Qxd1 10.Rxd1 e6 11.Nc3 Nbd7 12.Rb1 a5 13.Na4 Be7 14.h3 Nc5 15.b3 O-O
16.Be3 Nfd7 17.Rd2 Rfd8 18.Rbd1 Nxa4 19.Rxd7 Nc3 20.R1d2 Bf6 21.Rxb7 Rxd2
22.Bxd2 Rd8 23.Bxc3 Bxc3 24.Bxc6 Rd2 25.Bf3 Bb4 26.a4 Rb2 27.h4 Rxb3 28.c5 Rc3
29.c6 g6 30.Rd7  1-0

[Event "4th IECC"]
[Site "Istanbul TUR"]
[Date "2003.06.05"]
[Round "6"]
[White "Burmakin,V"]
[Black "San Segundo Carrillo,P"]
[Result "1-0"]
[WhiteElo "2569"]
[BlackElo "2515"]

1.Nf3 d5 2.g3 c6 3.Bg2 Bg4 4.O-O Nd7 5.d4 Ngf6 6.Nbd2 e6 7.Re1 Be7 8.e4 dxe4
9.Nxe4 O-O 10.c3 Nxe4 11.Rxe4 Bh5 12.Qb3 Qb6 13.Re1 Bxf3 14.Bxf3 Rfe8 15.Be3 a5
16.Qc2 Qc7 17.Rad1 Nf6 18.c4 Red8 19.Bf4 Bd6 20.Bg5 Be7 21.a3 a4 22.Bf4 Bd6
23.Bd2 Be7 24.Bf4 Bd6 25.Bg5 Be7 26.h4 Rd7 27.Kg2 Qd8 28.Be3 h5 29.Rd2 g6
30.Rdd1 Qc8 31.Bf4 Rd8 32.Rd3 Ra6 33.d5  1-0

[Event "4th IECC"]
[Site "Istanbul TUR"]
[Date "2003.06.05"]
[Round "6"]
[White "Burmakin,V"]
[Black "San Segundo Carrillo,P"]
[Result "1-0"]
[WhiteElo "2569"]
[BlackElo "2515"]

1.Nf3 d5 2.g3 c6 3.Bg2 Bg4 4.O-O Nd7 5.d4 Ngf6 6.Nbd2 e6 7.Re1 Be7 8.e4 dxe4
9.Nxe4 O-O 10.c3 Nxe4 11.Rxe4 Bh5 12.Qb3 Qb6 13.Re1 Bxf3 14.Bxf3 Rfe8 15.Be3 a5
16.Qc2 Qc7 17.Rad1 Nf6 18.c4 Red8 19.Bf4 Bd6 20.Bg5 Be7 21.a3 a4 22.Bf4 Bd6
23.Bd2 Be7 24.Bf4 Bd6 25.Bg5 Be7 26.h4 Rd7 27.Kg2 Qd8 28.Be3 h5 29.Rd2 g6
30.Rdd1 Qc8 31.Bf4 Rd8 32.Rd3 Ra6 33.Be5 Ra8 34.Red1 Rd7 35.Qc1 Qd8 36.Qf4 Rc8
37.Be2 Ne8 38.Rf3 Bd6 39.c5 Bxe5 40.dxe5 Qe7 41.Rxd7 Qxd7 42.Rd3 Qe7 43.Qb4 Qc7
44.Qd4 Qe7 45.Qc3 Rd8 46.Rxd8 Qxd8 47.Qb4  1-0

[Event "17th Open"]
[Site "Pula CRO"]
[Date "2003.06.06"]
[Round "8"]
[White "Jurkovic,A"]
[Black "Feletar,D"]
[Result "1/2-1/2"]
[WhiteElo "2351"]
[BlackElo "2433"]

1.Nf3 d5 2.g3 c5 3.Bg2 Nc6 4.O-O e5 5.d3 f6 6.c4 d4 7.e3 Bg4 8.exd4 cxd4
9.b3 Qd7 10.Ba3 Bxa3 11.Nxa3 Nh6 12.Nc2 O-O 13.Re1 Nf7 14.Qd2 Rab8 15.Kh1 b5
16.cxb5 Rxb5 17.Na3 Rbb8 18.Nc4 Rfc8 19.Rac1 Nb4 20.Ng1 Bf5 21.Be4 Bxe4+
22.dxe4 Nd6 23.Nxd6 Qxd6  1/2-1/2

[Event "17th Open"]
[Site "Pula CRO"]
[Date "2003.06.06"]
[Round "8"]
[White "Fucak,E"]
[Black "Kiss,Pa"]
[Result "0-1"]
[WhiteElo "2290"]
[BlackElo "2401"]

1.Nf3 d5 2.g3 c6 3.Bg2 Bg4 4.O-O Nd7 5.b3 e6 6.c4 Ngf6 7.Nc3 Bd6 8.d4 O-O
9.h3 Bh5 10.Nh4 Ne8 11.Qc2 Be7 12.Nf3 Bg6 13.Qb2 Nd6 14.Bf4 Ne4 15.Rfc1 a5
16.a3 Bf6 17.c5 b5 18.cxb6 Qxb6 19.Na4 Qb5 20.g4 c5 21.h4 h5 22.gxh5 Bxh5
23.e3 Bxf3 24.Bxf3 cxd4 25.exd4 Qd3 26.Be3 Rab8 27.Rab1 Nd6 28.h5 Nc4 29.bxc4 Rxb2
30.Nxb2 Qxa3 31.cxd5 exd5 32.Bxd5 Qd6 33.Bg2 Nb6 34.Rc6 Qd8 35.d5 Nxd5 36.Rd1 Bxb2
37.Rxd5 Qh4 38.h6 g6 39.Rxa5 Rd8 40.Rd5 Rxd5 41.Bxd5 Qg4+ 42.Bg2 Bd4 43.Rc7 Qd1+
44.Bf1 Qg4+ 45.Bg2 Qd1+ 46.Bf1 Bxe3 47.fxe3 Qf3 48.Re7 Qf6 49.Re8+ Kh7 50.Bg2 Kxh6
51.e4 Qc6 52.Rh8+ Kg5 53.Rh3 Qc5+ 54.Kh1 Qc1+ 55.Kh2 Qf4+ 56.Kh1 Kg4 57.Rc3 Qf2
58.Kh2 Kf4 59.Rc7 Qg3+ 60.Kg1 Qe3+ 61.Kh2 Qg3+ 62.Kg1 f6 63.Rh7 Qe1+ 64.Kh2 g5
65.Rh6 Qc3 66.Rh3 Qe5 67.Rd3 Qc7 68.Rd5 Ke3+ 69.Kg1 g4 70.Rf5 Qg7 71.Kf1 Qa7
72.Kg1 g3 73.Kh1 Qh7+ 74.Kg1 Ke2 75.Bf1+ Ke1 76.Kg2 Qh2+ 77.Kf3 Kxf1  0-1

[Event "4th IECC"]
[Site "Istanbul TUR"]
[Date "2003.06.07"]
[Round "8"]
[White "Markowski,T"]
[Black "Roiz,M"]
[Result "1/2-1/2"]
[WhiteElo "2587"]
[BlackElo "2529"]

1.g3 d5 2.Nf3 Nf6 3.Bg2 g6 4.c4 Bg7 5.Qa4+ Nbd7 6.cxd5 O-O 7.O-O Nxd5 8.d3 e5
9.Nbd2 N7b6 10.Qa5 f6 11.Nb3 Ne7 12.Bd2 Nc6 13.Qc5 Be6 14.Qc2 Na4 15.Rac1 Rf7
16.a3 Rd7 17.Na5 Nxa5 18.Bxa5 Nb6 19.Nd2 Nd5 20.Ne4 b6 21.Bd2 Ne7 22.b4 c6
23.Rfd1 Bd5 24.Bh3 Nf5 25.e3 Rc8 26.Bc3 Kh8 27.Bb2 Be6 28.Bg2 Qe8 29.Nd2 Rdc7
30.Ba1 c5 31.b5 Rd8 32.a4 Rcd7 33.Bf1 Ne7 34.e4 Nc8 35.Rb1 Nd6 36.h3 h6 37.Nf3 Kh7
38.Bc3 Rc8 39.Kh2 Rcc7 40.Be2 Qa8 41.Nd2 c4 42.Rbc1 cxd3 43.Bxd3 Qc8 44.Bf1 Nb7
45.Nb1 Rxd1 46.Rxd1 Nc5 47.Nd2 Nb3 48.Nb1 Nc5 49.Nd2 Nb3 50.Nb1 Bf8 51.Qd3 Nc5
52.Qf3 Nxa4 53.Bd2 Bg7 54.Bb4 Nc5 55.Nc3 f5 56.exf5 gxf5 57.Qe3 e4 58.Be2 Rd7
59.Rxd7 Qxd7 60.Nd1 Qd4 61.Qa3 Qd7 62.Bxc5 bxc5 63.Qxc5 Qd2 64.Bh5 Qg5 65.Qd6 Qxh5
66.Qxe6 Qxd1 67.Qxf5+ Kh8 68.Qc8+ Kh7 69.Qf5+ Kg8 70.Qe6+ Kf8 71.Qf5+  1/2-1/2